Albrecht Altdorfer (Record no. 2324)

MARC details
000 -CABECERA
campo de control de longitud fija 00629nam a2200217 a 4500
001 - NÚMERO DE CONTROL
campo de control BRCA_2584
005 - FECHA Y HORA DE LA ÚLTIMA TRANSACCIÓN
campo de control 20190320203857.0
008 - DATOS DE LONGITUD FIJA--INFORMACIÓN GENERAL
campo de control de longitud fija 271108s1923----enk#---###---#000-0#eng-#
084 ## - OTRO NÚMERO DE CLASIFICACIÓN
Número de clasificación NE654
Número de documento/Ítem .W35A4 1923
100 1# - ENTRADA PRINCIPAL--NOMBRE DE PERSONA
Nombre de persona Waldmann, Emil
9 (RLIN) 7381
245 10 - MENCIÓN DE TÍTULO
Título Albrecht Altdorfer
Mención de responsabilidad, etc. by Emil Waldmann.
260 ## - PUBLICACIÓN, DISTRIBUCIÓN, ETC.
Lugar de publicación, distribución, etc. London
Nombre del editor, distribuidor, etc. The Medici Society
Fecha de publicación, distribución, etc. 1923
300 ## - DESCRIPCIÓN FÍSICA
Extensión xiv, 116 p.
Otras características físicas il.
Dimensiones 26 cm.
440 #0 - MENCIÓN DE SERIE/PUNTO DE ACCESO ADICIONAL--TÍTULO
Título The Master of engraving and etching
9 (RLIN) 7382
500 ## - NOTA GENERAL
Nota general A63
504 ## - NOTA DE BIBLIOGRAFÍA, ETC.
Nota de bibliografía, etc. Bibliografía : p. 13
600 14 - PUNTO DE ACCESO ADICIONAL DE MATERIA--NOMBRE DE PERSONA
Nombre de persona Altdorfer, Albrecht
Fechas asociadas al nombre 1488-1538
9 (RLIN) 7383
650 14 - PUNTO DE ACCESO ADICIONAL DE MATERIA--TÉRMINO DE MATERIA
Término de materia o nombre geográfico como elemento de entrada Grabadores alemánes
9 (RLIN) 7216
902 ## - CATALOGADOR
Iniciales GFM
942 ## - ELEMENTOS DE PUNTO DE ACCESO ADICIONAL (KOHA)
Fuente del sistema de clasificación o colocación Library of Congress Classification
Tipo de ítem Koha Libros
Holdings
Estado de retiro Estado de pérdida Estado dañado No para préstamo Localización permanente Ubicación/localización actual Fecha de adquisición Número de inventario Total de préstamos Signatura topográfica completa Código de barras Fecha visto por última vez Precio válido a partir de Tipo de ítem Koha
El ejemplar forma parte de la colección y puede ser consultado según las políticas vigentes.       Biblioteca del Museo Franz Mayer (Rogerio Casas-Alatriste) Biblioteca del Museo Franz Mayer (Rogerio Casas-Alatriste) 27/11/2008 A63   NE654 .W35A4 1923 (A63) 2581 22/03/2019 22/03/2019 Libros